Dynasties des Rois de Portugal. - Statistiques

Statistiques générales
  • Ce quiz a été pris 182 fois
  • Le résultat moyen est 3 sur 5
Statistiques - réponses
Dates Dynasties % Correct
1580-1640 Habsbourg
76%
1640-1853 Bragance
64%
1385-1580 Aviz
63%
1139-1384 Bourgogne
54%
1853-1910 Bragance-Saxe-Cobourg-Gotha
34%
Aucun quiz correspondant
Distribution des résultats
% des personnes avec chaque résultat
Percentile par nombre de réponses
Votre historique - résultats
Vous n’avez pas pris ce quiz